000 01781nam a2200229Ia 4500
003 Ost
005 20260507074917.0
008 260507s9999||||xx |||||||||||||| ||und||
040 _cfsecg
041 _aara
082 _a353.6
100 _aالبكري، ثامر ياسر
_eمؤلف
245 0 _aإدارة المستشفيات /
_c ثامر ياسر البكري
260 _aعمان:
_bدار اليازوري,
_c2005
300 _a310 صفحة؛
_bإيضاحات ؛
_c24 سم
504 _aببليوغرافيا: ص.305
520 _aالتطور التاريخي للخدمات الصحية الطبية والتمريضية، المستشفى المفهوم والتصنيف، بيئة المستشفى، الخدمة الصحية، التخطيط الصحي في المستشفى، التنسيق بين المؤسسات الصحية، الهيئة الطبية والتمريضية في المستشفى، الهيكل التنظيمي وتوزيع المسؤوليات في المستشفى، تصميم المستشفى، الأقسام التشخيصية والعلاجية في المستشفى، الأقسام الادارية والفندقية والخدمية في المستشفى، فياس الفاعلية والكفاءة والانتاجية في المستشفيات، تقويم اداء المستشفى، المخاطر وبرامج السلامة في المستشفيات، العلاقات العامة أهميتها ودورها في المستشفى، الاتصالات وعلاقة المستشفى بالمجتمع، وسائل الاتصالات الجمعية الشخصية في المستشفيات
653 _aالادارة
653 _aالخدمات الصحية
653 _aالمستشفيات
942 _cكتاب
999 _c41777
_d41777